Los colores del páramo de Chingaza: (Registro nro. 20388)

Detalles MARC
000 -CABECERA
Campo de control 01395nam a22003377a 4500
005 - FECHA Y HORA DE LA ULTIMA TRANSACCION
Campo de control 20200104041805.0
008 - ELEMENTOS DE LONGITUD FIJA—INFORMACION GENERAL
Campo de control 190205b xxu||||| |||| 00| 0 spa d
020 ## - ISBN
ISBN 9789587835427
040 ## - FUENTE DE CATALOGACIÓN
Agencia catalogadora original CO-BoIAVH
Agencia transcriptora CO-BoIAVH
041 ## - IDIOMA
Código de idioma para texto/pista de sonido o título separado Español
044 ## - PAÍS DE PUBLICACIÓN
País de publicación Colombia
082 ## - NUMERO DE CLASIFICACION DECIMAL DEWEY
Número de clasificación 581.768
Número del ítem B56l
100 ## - ASIENTO PRINCIPAL--NOMBRE PERSONAL
9 (RLIN) 57792
Nombre personal Betancur Betancur, Julio César,
Término relacionado autor.
245 14 - MENCION DE TITULO
Título Los colores del páramo de Chingaza:
Parte restante del título guía de plantas
260 ## - PUBLICACION, DISTRIBUCION, ETC. (PIE DE IMPRENTA)
Lugar de publicación, distribución, etc. Bogotá:
Nombre del editor, distribuidor, etc. Universidad Nacional de Colombia,
-- Parques Nacionales Naturales de Colombia
Fecha de publicación, distribución, etc. 2018.
300 ## - DESCRIPCION FISICA
Extensión 380 páginas
Otros detalles físicos ilustraciones, fotografías a color
Dimensiones 22 x 15cm
490 ## - MENCION DE SERIE
Mención de serie Serie guías de campo del Instituto de Ciencias Naturales, Universidad Nacional de Colombia
Designación numérica/secuencial del volumen 20
650 16 - ASIENTO SECUNDARIO DE MATERIA - TERMINO TEMATICO
Término temático o nombre geográfico como elemento de entrada Ecología vegetal
9 (RLIN) 353
650 16 - ASIENTO SECUNDARIO DE MATERIA - TERMINO TEMATICO
9 (RLIN) 59008
Término temático o nombre geográfico como elemento de entrada Angiospermas
650 16 - ASIENTO SECUNDARIO DE MATERIA - TERMINO TEMATICO
9 (RLIN) 54
Término temático o nombre geográfico como elemento de entrada Biodiversidad
650 16 - ASIENTO SECUNDARIO DE MATERIA - TERMINO TEMATICO
9 (RLIN) 39743
Término temático o nombre geográfico como elemento de entrada Tipos de Vegetación
Subdivisión geográfica Colombia.
650 16 - ASIENTO SECUNDARIO DE MATERIA - TERMINO TEMATICO
9 (RLIN) 26244
Término temático o nombre geográfico como elemento de entrada Biodiversidad del páramo
Subdivisión geográfica Chingaza, Cundinamarca (Colombia)
700 ## - ASIENTO SECUNDARIO - NOMBRE PERSONAL
9 (RLIN) 101483
Nombre personal Gonzáles-María Fernanda
Fechas asociadas con el nombre 1987
700 ## - ASIENTO SECUNDARIO - NOMBRE PERSONAL
9 (RLIN) 101484
Nombre personal Hernandez-Aldana, Erika
Numeración 1994
Fechas asociadas con el nombre 1994
700 ## - ASIENTO SECUNDARIO - NOMBRE PERSONAL
9 (RLIN) 101485
Nombre personal Castro, Cristian
Numeración 1990
Fechas asociadas con el nombre 1990
700 ## - ASIENTO SECUNDARIO - NOMBRE PERSONAL
9 (RLIN) 101486
Nombre personal Gómez-Suescún, Fredy
Numeración 1977
Fechas asociadas con el nombre 1977
700 ## - ASIENTO SECUNDARIO - NOMBRE PERSONAL
9 (RLIN) 101487
Nombre personal Hernandez-Rodriguez, David E
Numeración 1991
Fechas asociadas con el nombre 1991
700 ## - ASIENTO SECUNDARIO - NOMBRE PERSONAL
9 (RLIN) 101488
Nombre personal Jaimes-R, Mateo S
Numeración 1987
Fechas asociadas con el nombre 1987
700 ## - ASIENTO SECUNDARIO - NOMBRE PERSONAL
9 (RLIN) 86832
Nombre personal Galindo Tarazona, Robinson
Fechas asociadas con el nombre 1974
Término de relación autor
942 ## - ELEMENTOS ADICIONALES (KOHA)
Sistema de clasificación Dewey Decimal Classification
Tipo de ítem Libro
Existencias
Withdrawn status Lost status Sistema de Clasificación Damaged status No para préstamo Colección Ubicación Permanente Ubicación actual Fecha de adquisición Fuente de Valor Total Checkouts Número topográfico Inventario / Código de Barras Date last seen Date checked out Ejemplar Price effective from Forma de adquisición Tipo de material
    Dewey Decimal Classification     General Bogotá Bogotá 05/02/2019 Julio Betancur 1 LB-581.768 B56l 043295 07/02/2019 07/02/2019 Ej. 1 05/02/2019 Donación Libro
    Dewey Decimal Classification     General Bogotá Bogotá 13/06/2019   1 LB-581.768 B56l 030507 16/09/2019 16/09/2019 Ej. 2 13/06/2019 Canje Libro
    Dewey Decimal Classification     General Sala Fabio Quevedo Sala Fabio Quevedo 13/06/2019     LB-581.768 B56l 030506 13/06/2019   Ej. 3 13/06/2019 Canje Libro
    Dewey Decimal Classification     Botánica Villa de Leyva Villa de Leyva 13/06/2019     LB-581.768 B56l 030505 13/06/2019   Ej.4 13/06/2019 Canje Libro